00466nam a2200193 a 4500001001300000003000900013005001700022008004100039020001000080082001600090100001500106245001900121260003800140300000900178500003500187505001600222650001900238700001500257nice12345678IN_TiNIC20260116011358.0050524s1300 luca grp 000 0 per  ac10000a891.51bSAB aSabzwari,  aDiwan--e-Asrar aLucknowbMarkaz-E-Adab Urduc1300 a137p aincludes index and biblioraphy2 aIndex, 145p aPersian Poetry1 aSabzwari,